00608nam a2200181 a 450000100100000000500170001000800410002702000180006804000250008608200150011110000270012624500980015326000370025130000270028850000470031550400270036270000370038900004697720201002053246.0180410s2015 dr a 000 0 spa d a9789945123340 aDO-SdBNPbspacBNPHU axxxxbxxxx1 aGarcía V., Alejandro10aEducación física 2 :bprimaria /cAlejandro García V., José Rafael Beras Rodríguez. aSanto Domingo :bSusaeta,c2015. a64 P. :bil. ;c29 cm. aEnfoque por competencias nuevo currículo aBibliografía : p. 641 aBeras Rodríguez, José Rafael